Eduardo Mendoza y la ciudad de los prodigios (Record no. 189166)
[ view plain ]
| 000 -LEADER | |
|---|---|
| campo de control de longitud fija | 01327nam a2200277 i 4500 |
| 001 - NÚMERO DE CONTROL | |
| campo de control | 189166 |
| 003 - IDENTIFICADOR DE NÚMERO DE CONTROL | |
| campo de control | SpMaBN |
| 005 - FECHA Y HORA DE LA ÚLTIMA TRANSACCIÓN | |
| campo de control | 20250523142151.0 |
| 008 - DATOS DE LONGITUD FIJA--INFORMACIÓN GENERAL | |
| campo de control de longitud fija | 190412s2017 sp aco c |||| |dspa d |
| 020 ## - NÚMERO INTERNACIONAL ESTÁNDAR DEL LIBRO | |
| Número Internacional Estándar del Libro | 978-84-16978-24-3 |
| 080 ## - NÚMERO DE LA CLASIFICACIÓN DECIMAL UNIVERSAL | |
| Número de la Clasificación Decimal Universal | 821.134.2 Mendoza, Eduardo 7 La ciudad de los prodigios (083.824) |
| 080 ## - NÚMERO DE LA CLASIFICACIÓN DECIMAL UNIVERSAL | |
| Número de la Clasificación Decimal Universal | 908(460.235.2)(0:77)(083.824) |
| 245 00 - MENCIÓN DEL TÍTULO | |
| Título | Eduardo Mendoza y la ciudad de los prodigios |
| Resto del título | : homenaje al Premio Cervantes / |
| Mención de responsabilidad, etc. | [exposición organizada por el Ministerio de Educación, Cultura y Deporte, Universidad de Alcalá y Acción Cultural Española ; coordinación, Jesús Cañete Ochos ; textos, Félix de Azúa, Enric Bou, Llàtzer Moix]. |
| 260 ## - PUBLICACIÓN, DISTRIBUCIÓN, ETC. | |
| Lugar de publicación, distribución, etc. | [Alcalá de Henares] : |
| Nombre del editor, distribuidor, etc. | Servicio de Publicaciones de la Universidad de Alcalá, |
| Fecha de publicación, distribución, etc. | [2017] |
| 300 ## - DESCRIPCIÓN FÍSICA | |
| Extensión | 185 p. : |
| Otras características físicas | il. col. y n., fot. ; |
| Dimensiones | 26 cm. |
| 600 17 - PUNTO DE ACCESO ADICIONAL DE MATERIA--NOMBRE DE PERSONA | |
| Nombre de persona | Mendoza, Eduardo- |
| Subdivisión de forma | Exposiciones. |
| 9 (RLIN) | 166815 |
| 655 #7 - TERMINO DE INDIZACIÓN--GENERO/FORMA | |
| Fuente del término | tgfbne |
| 9 (RLIN) | 193628 |
| Datos o término principal de género/forma | Catálogos de exposiciones |
| 700 1# - ENTRADA AGREGADA--NOMBRE PERSONAL | |
| Nombre de persona | Mendoza, Eduardo, |
| Fechas asociadas al nombre | 1943- |
| 9 (RLIN) | 240676 |
| 700 1# - ENTRADA AGREGADA--NOMBRE PERSONAL | |
| Nombre de persona | Cañete Ochoa, Jesús, |
| Fechas asociadas al nombre | 1967- |
| 9 (RLIN) | 157453 |
| 700 12 - ENTRADA AGREGADA--NOMBRE PERSONAL | |
| Nombre de persona | Azúa, Félix de, |
| Fechas asociadas al nombre | 1944- |
| 9 (RLIN) | 24368 |
| 700 1# - ENTRADA AGREGADA--NOMBRE PERSONAL | |
| Nombre de persona | Bou, Enric. |
| 9 (RLIN) | 30815 |
| 710 2# - ENTRADA AGREGADA--NOMBRE DE ENTIDAD CORPORATIVA | |
| Nombre de entidad corporativa o nombre de jurisdicción como elemento de entrada | Universidad de Alcalá de Henares. |
| 9 (RLIN) | 7135 |
| 852 ## - LOCALIZACIÓN | |
| Ubicación | ES-MaACL |
| Número de control de estantería | A-14458 |
| itemnumber | 196304 |
| Sublocalización o colección | R.152117 |
| Ubicación en estantería | Depósito 1 |
| Signatura antigua | Olim: N-7458 |
| 942 ## - ELEMENTOS DE ENTRADA SECUNDARIOS (KOHA) | |
| Fuente del sistema de clasificación o colocación | Clasificación decimal universal |
| Tipo de ítem Koha | Libro impreso |
| Estatus retirado | Estado de pérdida | Fuente del sistema de clasificación o colocación | Estado de daño | No para préstamo | Biblioteca de origen | Biblioteca actual | Ubicación en estantería | Fecha de adquisición | Fuente de adquisición | Total de préstamos | Signatura topográfica completa | Código de barras | Visto por última vez | Precio de reemplazo | Tipo de ítem Koha |
|---|---|---|---|---|---|---|---|---|---|---|---|---|---|---|---|
| Clasificación decimal universal | Biblioteca del Ateneo de Madrid | Biblioteca del Ateneo de Madrid | Depósito 1 | 12/04/2019 | Donación | A-14458 | 1200350 | 23/02/2023 | 23/02/2023 | Libro impreso |
